Spontaneous talk linguistic capital and diversity: communication in knowledge based organizations (Record no. 38753)

000 -LEADER
fixed length control field 00428pab a2200145 454500
008 - FIXED-LENGTH DATA ELEMENTS--GENERAL INFORMATION
fixed length control field 180718b1998 xxu||||| |||| 00| 0 eng d
100 ## - MAIN ENTRY--PERSONAL NAME
Personal name Rich, Wilbur C.
245 ## - TITLE STATEMENT
Title Spontaneous talk linguistic capital and diversity: communication in knowledge based organizations
260 ## - PUBLICATION, DISTRIBUTION, ETC.
Date of publication, distribution, etc. 1998
300 ## - PHYSICAL DESCRIPTION
Extent p.315-29
362 ## - DATES OF PUBLICATION AND/OR SEQUENTIAL DESIGNATION
Dates of publication and/or sequential designation Jun
650 ## - SUBJECT ADDED ENTRY--TOPICAL TERM
Topical term or geographic name entry element Communication organizations
773 ## - HOST ITEM ENTRY
Main entry heading Administration and Society
909 ## -
-- 38753
Holdings
Withdrawn status Lost status Damaged status Not for loan Permanent Location Current Location Date acquired Serial Enumeration / chronology Barcode Date last seen Price effective from Koha item type
        Indian Institute of Public Administration Indian Institute of Public Administration 2018-07-19 Volume no: 30, Issue no: 3 AR39110 2018-07-19 2018-07-19 Articles

Powered by Koha